Statistics for New York Times Greatest Actors of the 21st Century

Click here to take the quiz!

General Stats

  • This quiz has been taken 87 times
  • The average score is 11 of 25

Answer Stats

RankingFilmsNationAnswer% Correct
4The Matrix, John Wick, SpeedUnited StatesKeanu Reeves
90%
12Her, Walk the Line, JokerUnited StatesJoaquin Phoenix
85%
3There Will Be Blood, Phantom Thread, LincolnUnited KingdomDaniel Day-Lewis
82%
1Fences, Flight, Training DayUnited StatesDenzel Washington
78%
5Eyes Wide Shut, Moulin Rouge!, The HoursAustraliaNicole Kidman
75%
15Black Panther, Creed, Just MercyUnited StatesMichael B. Jordan
67%
23Moonlight, Green Book, The Curious Case of Benjamin ButtonUnited StatesMahershala Ali
61%
9Fences, Ma Rainey's Black Bottom, DoubtUnited StatesViola Davis
60%
18At Eternity's Gate, The Lighthouse, Spider-ManUnited StatesWillem Dafoe
58%
11The Hours, Still Alice, The Big LebowskiUnited StatesJulianne Moore
57%
10Little Women, Lady Bird, BrooklynIrelandSaoirse Ronan
55%
22Spy, Bridesmaids, Can You Ever Forgive Me?United StatesMelissa McCarthy
54%
14Ex Machina, Inside Llewyn Davis, Star Wars: The Force AwakensUnited StatesOscar Isaac
46%
13Michael Clayton, We Need to Talk About Kevin, The BeachUnited KingdomTilda Swinton
46%
2The Piano Teacher, Elle, AmourFranceIsabelle Huppert
33%
6Parasite, The Host, Memories of MurderSouth KoreaSong Kang-ho
31%
25Y tu mamá también, Coco, Amores PerrosMexicoGael García Bernal
27%
21Dancer in the Dark, Belle de Jour, PersepolisFranceCatherine Deneuve
16%
24Kiss of the Spider Woman, Bacurau, AquariusBrazilSônia Braga
13%
16The Handmaiden, On the Beach at Night Alone, Right Now, Wrong ThenSouth KoreaKim Min-hee
10%
17Clemency, 12 Years a Slave, Cross CreekUnited StatesAlfre Woodard
7%
19Avatar, Hostiles, The Last of the MohicansUnited StatesWes Studi
6%
20Mudbound, The Last Black Man in San Francisco, Don't Look UpUnited StatesRob Morgan
4%
7The Great Beauty, The Hand of God, GomorrahItalyToni Servillo
4%
8Ash is Purest White, Still Life, A Touch of SinChinaZhao Tao
3%

Score Distribution

Percentile by Number Answered

Percent of People with Each Score

Your Score History

You have not taken this quiz